[Event "ITA-chT GpB 55th"]
[Site "Vasto"]
[Date "2024.04.12"]
[Round "7.11"]
[White "Bettalli, Francesco"]
[Black "Boraso, Alessio"]
[Result "1-0"]
[WhiteElo "2309"]
[BlackElo "2291"]
[PlyCount "65"]
[EventDate "2024.04.08"]
[EventType "team-tourn"]
[EventRounds "7"]
[EventCountry "ITA"]
[SourceTitle "CB16_2024"]
[SourceDate "2024.04.17"]
[SourceVersion "1"]
[SourceVersionDate "2024.04.17"]
[SourceQuality "1"]
[WhiteTeam "Arrocco"]
[BlackTeam "Milan Accademia"]
[WhiteTeamCountry "ITA"]
[BlackTeamCountry "ITA"]

1. e4 c5 2. Nc3 e6 3. Nge2 Nf6 4. d4 cxd4 5. Nxd4 Nc6 6. a3 Be7 7. Be2 0-0 8. Be3 d5 9. exd5 Nxd5 10. Nxd5 Qxd5 11. Bf3 Qc4 12. Be2 Qd5 13. Bf3 Qc4 14. Nxc6 bxc6 15. Be2 Qd5 16. 0-0 Rd8 17. c4 Qe5 18. Qc2 c5 19. Bf3 Rb8 20. b4 cxb4 21. axb4 Rxb4 22. Rxa7 Bd6 23. g3 Bc5 24. Rd1 Rf8 25. Ra5 Qf6 26. Bxc5 Qxf3 27. Rd3 Qb7 28. Bxf8 Kxf8 29. Rb5 Rxb5 30. cxb5 Bd7 31. Qd2 Bxb5 32. Qb4+ Qe7 33. Qxb5 1-0

[Event "Titled Tuesday intern op 01st Aug Early"]
[Site "Chess.com INT"]
[Date "2023.08.01"]
[Round "2"]
[White "Avalos Parra, Joao"]
[Black "Boraso, Alessio"]
[Result "0-1"]
[WhiteElo "2185"]
[BlackElo "2309"]
[PlyCount "44"]
[EventDate "2023.08.01"]
[EventType "swiss (blitz)"]
[EventRounds "11"]
[EventCountry "USA"]
[SourceTitle "EXT 2024"]
[Source "ChessBase"]
[SourceDate "2023.10.10"]
[SourceVersion "1"]
[SourceVersionDate "2023.10.10"]
[SourceQuality "1"]

1. d4 Nf6 2. c4 Nc6 3. Nf3 d6 4. a3 e5 5. d5 Nb8 6. Nc3 a5 7. h3 Be7 8. Bg5 Na6 9. e3 Nxd5 10. Nxd5 Bxg5 11. c5 0-0 12. Bxa6 Rxa6 13. 0-0 e4 14. Nxg5 Qxg5 15. Nxc7 Bxh3 16. g3 Bxf1 17. Qxf1 Rc6 18. cxd6 Rxd6 19. Nb5 Rh6 20. Nc3 Qg4 21. Qg2 Rd8 22. Nxe4 Rd1+ 0-1

[Event "ITA-ch sf 82nd"]
[Site "Villesse"]
[Date "2023.07.22"]
[Round "9"]
[White "Boraso, Alessio"]
[Black "Carnicelli, Valerio"]
[Result "1/2-1/2"]
[WhiteElo "2313"]
[BlackElo "2344"]
[PlyCount "189"]
[EventDate "2023.07.15"]
[EventType "swiss"]
[EventRounds "9"]
[EventCountry "ITA"]
[SourceTitle "CBM 215 Extra"]
[Source "ChessBase"]
[SourceDate "2023.09.30"]
[SourceVersion "1"]
[SourceVersionDate "2023.09.30"]
[SourceQuality "1"]

1. e4 c5 2. Nf3 Nc6 3. Bb5 g6 4. 0-0 Bg7 5. c3 Nf6 6. Re1 0-0 7. d4 d5 8. e5 Ne4 9. Bxc6 bxc6 10. Be3 cxd4 11. cxd4 Rb8 12. Qc1 Bf5 13. Nc3 Qd7 14. Nxe4 dxe4 15. Nd2 Qd5 16. Nb3 f6 17. exf6 exf6 18. Re2 Rfc8 19. Rc2 Bf8 20. Qd2 Bg4 21. Nc5 Rd8 22. Qa5 Bd6 23. h3 Be6 24. b3 Rdc8 25. Qd2 Bf5 26. Rac1 h5 27. Rc4 g5 28. Ra4 Bxh3 29. gxh3 Qf5 30. Nxe4 Qxe4 31. Qc2 Qxc2 32. Rxc2 Rc7 33. d5 c5 34. Ra6 Rd8 35. b4 c4 36. Bxa7 Rf8 37. a3 Ra8 38. Rxd6 Raxa7 39. Rc6 Rd7 40. Rc3 Rxd5 41. R6xc4 Rd1+ 42. Kg2 Ra1 43. Rc8+ Kf7 44. R8c7+ Rxc7 45. Rxc7+ Ke6 46. Ra7 Rb1 47. Ra5 f5 48. b5 g4 49. a4 f4 50. b6 gxh3+ 51. Kxh3 Rxb6 52. Rxh5 Rb2 53. f3 Ra2 54. a5 Kf7 55. Kg4 Ra4 56. Rc5 Ke7 57. Kf5 Kd6 58. Re5 Kd7 59. Kg5 Kd6 60. Kf5 Kd7 61. Re4 Rxa5+ 62. Kxf4 Kd6 63. Kg4 Ra8 64. f4 Kd5 65. Re5+ Kd6 66. Kg5 Rg8+ 67. Kf5 Rf8+ 68. Kg5 Rg8+ 69. Kh6 Rf8 70. Re4 Kd5 71. Ra4 Ke6 72. Kg7 Rf7+ 73. Kg6 Rf6+ 74. Kg5 Rf5+ 75. Kg4 Rb5 76. f5+ Kf7 77. Ra7+ Kf8 78. Ra6 Kf7 79. Kg5 Rb7 80. Rh6 Rb1 81. Rh7+ Kg8 82. Re7 Kf8 83. Kf6 Rb6+ 84. Re6 Rb7 85. Ra6 Rf7+ 86. Ke5 Re7+ 87. Re6 Kf7 88. Kd6 Ra7 89. Ke5 Re7 90. Rxe7+ Kxe7 91. f6+ Kf7 92. Kf5 Kf8 93. Kg6 Kg8 94. f7+ Kf8 95. Kf6 1/2-1/2

[Event "ITA-ch sf 82nd"]
[Site "Villesse"]
[Date "2023.07.18"]
[Round "5"]
[White "Boraso, Alessio"]
[Black "Musso, Alessio"]
[Result "1-0"]
[WhiteElo "2313"]
[BlackElo "2131"]
[PlyCount "83"]
[EventDate "2023.07.15"]
[EventType "swiss"]
[EventRounds "9"]
[EventCountry "ITA"]
[SourceTitle "CBM 215 Extra"]
[Source "ChessBase"]
[SourceDate "2023.09.30"]
[SourceVersion "1"]
[SourceVersionDate "2023.09.30"]
[SourceQuality "1"]

1. e4 c5 2. Nf3 e6 3. d4 cxd4 4. Nxd4 a6 5. Bd3 d6 6. 0-0 Nf6 7. c4 Nbd7 8. Nc3 Be7 9. b3 0-0 10. Bb2 Qc7 11. Rc1 Rd8 12. Kh1 b6 13. f4 Bb7 14. Qf3 Nf8 15. Qg3 Rac8 16. Nf3 Ng6 17. Ng5 e5 18. Nh3 Nh5 19. Qg4 Nhxf4 20. Nxf4 exf4 21. Nd5 Bxd5 22. exd5 Qd7 23. Bf5 Qb7 24. Bxc8 Qxc8 25. Rxf4 Qxg4 26. Rxg4 f5 27. Rg3 f4 28. Rf3 Ne5 29. Rff1 Nd3 30. Rc2 Nxb2 31. Rxb2 Bf6 32. Re2 Be5 33. g3 fxg3 34. hxg3 Bxg3 35. Re7 Be5 36. Rb7 Bd4 37. Rf4 Bc5 38. Rg4 g6 39. Re4 Rf8 40. Ree7 Bd4 41. Rxh7 a5 42. Rhe7 1-0

[Event "Titled Tuesday intern op 28th Mar Early"]
[Site "Chess.com INT"]
[Date "2023.03.28"]
[Round "10"]
[White "Boraso, Alessio"]
[Black "Pein, Jonathan"]
[Result "0-1"]
[WhiteElo "2316"]
[BlackElo "2301"]
[PlyCount "84"]
[EventDate "2023.03.28"]
[EventType "swiss (blitz)"]
[EventRounds "11"]
[EventCountry "USA"]
[SourceTitle "EXT 2024"]
[Source "ChessBase"]
[SourceDate "2023.10.10"]
[SourceVersion "1"]
[SourceVersionDate "2023.10.10"]
[SourceQuality "1"]

1. e4 e5 2. Nf3 d6 3. c4 Nf6 4. Nc3 g6 5. Be2 Bg7 6. 0-0 0-0 7. d4 exd4 8. Nxd4 Re8 9. f3 Nh5 10. Nc2 Be5 11. f4 Bxc3 12. bxc3 Nf6 13. e5 dxe5 14. Qxd8 Rxd8 15. fxe5 Ne4 16. Bf3 Nc5 17. Bg5 Re8 18. Rad1 Be6 19. Bd5 Nbd7 20. Bf6 Bg4 21. Rd4 Nxf6 22. exf6 Bf5 23. Na1 c6 24. Bf3 h5 25. Nb3 Na4 26. Na5 Nxc3 27. Nxb7 Be4 28. Kf2 Bxf3 29. gxf3 Re2+ 30. Kg3 Rae8 31. Nd6 R8e6 32. Ne4 Nxe4+ 33. fxe4 R2xe4 34. Rd8+ Kh7 35. Rf8 Re3+ 36. Kg2 Re2+ 37. Kg3 R6e3+ 38. Kf4 Re4+ 39. Kg3 g5 40. Rxf7+ Kg6 41. Rg7+ Kh6 42. Rxa7 h4+ 0-1

[Event "Titled Tuesday intern op 28th Mar Early"]
[Site "Chess.com INT"]
[Date "2023.03.28"]
[Round "5"]
[White "Derjabin, Ilja"]
[Black "Boraso, Alessio"]
[Result "1-0"]
[WhiteElo "2333"]
[BlackElo "2316"]
[PlyCount "73"]
[EventDate "2023.03.28"]
[EventType "swiss (blitz)"]
[EventRounds "11"]
[EventCountry "USA"]
[SourceTitle "EXT 2024"]
[Source "ChessBase"]
[SourceDate "2023.10.10"]
[SourceVersion "1"]
[SourceVersionDate "2023.10.10"]
[SourceQuality "1"]

1. d4 Nf6 2. c4 e6 3. Nc3 d5 4. cxd5 exd5 5. Bg5 Be7 6. e3 0-0 7. Bd3 h6 8. Bh4 c6 9. Nge2 Re8 10. Qc2 Na6 11. a3 Nc7 12. 0-0 Ne6 13. f3 Ng5 14. Rae1 Bd6 15. Ng3 Nd7 16. Kh1 Qc7 17. f4 Ne6 18. Nf5 Bf8 19. g4 g6 20. Nxh6+ Bxh6 21. Bxg6 fxg6 22. Qxg6+ Ng7 23. Qxh6 Nf8 24. Bf6 Qf7 25. Rg1 Qg6 26. Qh4 Kf7 27. Be5 Qh7 28. Qg3 Ng6 29. f5 Nh4 30. Ne2 Rh8 31. Nf4 Bd7 32. Ref1 Rag8 33. Ne6 Ke8 34. Nxg7+ Rxg7 35. Bf6 Rf7 36. Qe5+ Kf8 37. Bxh8 1-0

[Event "Titled Tuesday intern op 28th Feb Early"]
[Site "Chess.com INT"]
[Date "2023.02.28"]
[Round "6"]
[White "Boraso, Alessio"]
[Black "Pinheiro, Iung Alicio"]
[Result "0-1"]
[WhiteElo "2317"]
[BlackElo "2306"]
[PlyCount "86"]
[EventDate "2023.02.28"]
[EventType "swiss (blitz)"]
[EventRounds "11"]
[EventCountry "USA"]
[SourceTitle "CBM 213 Extra"]
[Source "ChessBase"]
[SourceDate "2023.05.31"]
[SourceVersion "1"]
[SourceVersionDate "2023.05.31"]
[SourceQuality "1"]

1. Nf3 d5 2. e3 c6 3. b3 Nf6 4. Bb2 Bf5 5. d4 Nbd7 6. Bd3 e6 7. Nbd2 Ne4 8. 0-0 Bd6 9. Ne5 f6 10. Nxd7 Qxd7 11. f3 Nxd2 12. Qxd2 Bg6 13. e4 Qc7 14. g3 0-0-0 15. c4 dxe4 16. Bxe4 c5 17. Qf2 Kb8 18. Rad1 Bh5 19. Rd2 Rd7 20. Kg2 Rhd8 21. Rfd1 b6 22. d5 e5 23. Bf5 Re7 24. a3 Bg6 25. Be6 e4 26. f4 Bh5 27. Re1 Bf3+ 28. Kg1 Rf8 29. Bc3 g5 30. fxg5 fxg5 31. Rxe4 Ree8 32. Re3 g4 33. Qe1 h5 34. Be5 h4 35. gxh4 Rf4 36. Bxd6 Qxd6 37. Qg3 Ref8 38. Rf2 Kb7 39. Rfxf3 gxf3 40. Rxf3 Qe5 41. Rxf4 Rxf4 42. Bg4 Qa1+ 43. Kg2 Qf1# 0-1

[Event "Titled Tuesday intern op 10th Jan Early"]
[Site "Chess.com INT"]
[Date "2023.01.10"]
[Round "10"]
[White "Boraso, Alessio"]
[Black "Baches Garcia, Guillermo"]
[Result "1-0"]
[WhiteElo "2285"]
[BlackElo "2326"]
[PlyCount "69"]
[EventDate "2023.01.10"]
[EventType "swiss (blitz)"]
[EventRounds "11"]
[EventCountry "USA"]
[SourceTitle "EXT 2024"]
[Source "ChessBase"]
[SourceDate "2023.10.10"]
[SourceVersion "1"]
[SourceVersionDate "2023.10.10"]
[SourceQuality "1"]

1. e4 c5 2. Nf3 d6 3. b3 Nf6 4. Bd3 Nc6 5. c3 d5 6. e5 Ng4 7. Qe2 Qc7 8. Bb5 a6 9. Bxc6+ Qxc6 10. 0-0 g6 11. d4 Bg7 12. Ba3 b6 13. Nbd2 0-0 14. Rac1 Nh6 15. h3 f6 16. Rfe1 Nf7 17. exf6 exf6 18. dxc5 bxc5 19. Qe7 Nd6 20. Nd4 cxd4 21. cxd4 Qd7 22. Qxd6 Qxd6 23. Bxd6 Rd8 24. Rc7 Rxd6 25. Re8+ Bf8 26. Rexc8 Rxc8 27. Rxc8 Kf7 28. Kf1 Rb6 29. Ke2 h5 30. Kd3 Bd6 31. Nf1 h4 32. Ne3 Ke6 33. Re8+ Be7 34. Rxe7+ Kxe7 35. Nxd5+ 1-0

[Event "Titled Tuesday intern op 10th Jan Early"]
[Site "Chess.com INT"]
[Date "2023.01.10"]
[Round "8"]
[White "Boraso, Alessio"]
[Black "Martin Fuentes, Alberto"]
[Result "1-0"]
[WhiteElo "2285"]
[BlackElo "2393"]
[PlyCount "77"]
[EventDate "2023.01.10"]
[EventType "swiss (blitz)"]
[EventRounds "11"]
[EventCountry "USA"]
[SourceTitle "EXT 2024"]
[Source "ChessBase"]
[SourceDate "2023.10.10"]
[SourceVersion "1"]
[SourceVersionDate "2023.10.10"]
[SourceQuality "1"]

1. e4 e6 2. d4 d5 3. e5 c5 4. c3 Bd7 5. Nf3 Qb6 6. Bd3 Bb5 7. 0-0 Bxd3 8. Qxd3 Nc6 9. dxc5 Bxc5 10. b4 Bf8 11. Be3 Qc7 12. Na3 a6 13. Bd4 Nge7 14. b5 Nxd4 15. cxd4 Nf5 16. Rac1 Qa5 17. Rc3 Bb4 18. Rb3 0-0 19. Rfb1 Be7 20. R1b2 Rfc8 21. Nc2 h6 22. h3 Rc4 23. bxa6 bxa6 24. Rb8+ Rxb8 25. Rxb8+ Kh7 26. g4 Rc3 27. Qe2 Nh4 28. Nxh4 Bxh4 29. Ne3 Qc7 30. Qb2 Bg5 31. Ng2 Rc1+ 32. Kh2 Rc2 33. Qb1 g6 34. Rb7 Rc1 35. Qb4 Rc4 36. Qb1 Rc1 37. Qb3 Rc3 38. Rxc7 Rxb3 39. axb3 1-0

[Event "Titled Tuesday intern op 10th Jan Early"]
[Site "Chess.com INT"]
[Date "2023.01.10"]
[Round "5"]
[White "Sourath, Biswas"]
[Black "Boraso, Alessio"]
[Result "1-0"]
[WhiteElo "2264"]
[BlackElo "2285"]
[PlyCount "49"]
[EventDate "2023.01.10"]
[EventType "swiss (blitz)"]
[EventRounds "11"]
[EventCountry "USA"]
[SourceTitle "EXT 2024"]
[Source "ChessBase"]
[SourceDate "2023.10.10"]
[SourceVersion "1"]
[SourceVersionDate "2023.10.10"]
[SourceQuality "1"]

1. d4 c5 2. d5 Nf6 3. Nc3 d6 4. e4 g6 5. Bb5+ Nbd7 6. a4 Bg7 7. h4 h6 8. Nf3 0-0 9. Bf4 Nh5 10. Be3 Ndf6 11. Nh2 e5 12. dxe6 fxe6 13. g4 d5 14. Bxc5 Nf4 15. Bxf8 Qxf8 16. Qf3 Nxe4 17. Nxe4 dxe4 18. Qxe4 Bxb2 19. Rb1 Bc3+ 20. Kf1 a6 21. Bc4 Ra7 22. Rb3 Qf6 23. Rxc3 Qxc3 24. Qxf4 b5 25. Bd3 1-0

[Event "Titled Tuesday intern op 10th Jan Early"]
[Site "Chess.com INT"]
[Date "2023.01.10"]
[Round "2"]
[White "Tikhonov, Viacheslav"]
[Black "Boraso, Alessio"]
[Result "1-0"]
[WhiteElo "2220"]
[BlackElo "2285"]
[PlyCount "105"]
[EventDate "2023.01.10"]
[EventType "swiss (blitz)"]
[EventRounds "11"]
[EventCountry "USA"]
[SourceTitle "EXT 2024"]
[Source "ChessBase"]
[SourceDate "2023.10.10"]
[SourceVersion "1"]
[SourceVersionDate "2023.10.10"]
[SourceQuality "1"]

1. d4 Nf6 2. Nf3 d5 3. c4 e6 4. g3 Be7 5. Bg2 0-0 6. 0-0 dxc4 7. Qc2 a6 8. a4 Bd7 9. Bg5 Bc6 10. Bxf6 Bxf6 11. Rd1 Nd7 12. Nc3 b5 13. Ng5 Bxg5 14. Bxc6 b4 15. Ne4 Be7 16. Bxa8 Qxa8 17. Nd2 Nb6 18. Nxc4 Nd5 19. e4 Nf6 20. f3 c5 21. d5 exd5 22. Nb6 Qc6 23. Nxd5 Nxd5 24. exd5 Qf6 25. b3 Qxf3 26. Qd3 Qh5 27. Qxa6 Bf6 28. Qc4 Rd8 29. Qxc5 Bxa1 30. Rxa1 Qxd5 31. Qxd5 Rxd5 32. a5 Rd7 33. a6 Ra7 34. Kf2 Kf8 35. Ke3 Ke7 36. Kd4 Kd6 37. Kc4 Kc6 38. Kxb4 Kb6 39. Ra5 f5 40. Rb5+ Kxa6 41. Ra5+ Kb6 42. Rxa7 Kxa7 43. Kc5 g5 44. Kd5 Kb6 45. Ke5 f4 46. gxf4 gxf4 47. Kxf4 Kc5 48. Kg5 Kb4 49. Kh6 Kxb3 50. h4 Kc4 51. h5 Kd5 52. Kxh7 Ke6 53. Kg7 1-0

[Event "Parma City of Culture op 3rd"]
[Site "Parma"]
[Date "2023.01.07"]
[Round "3"]
[White "Basso, Pier Luigi"]
[Black "Boraso, Alessio"]
[Result "1/2-1/2"]
[WhiteElo "2526"]
[BlackElo "2285"]
[PlyCount "60"]
[EventDate "2023.01.06"]
[EventType "swiss"]
[EventRounds "6"]
[EventCountry "ITA"]
[SourceTitle "CBM 212 Extra"]
[Source "ChessBase"]
[SourceDate "2023.03.31"]
[SourceVersion "1"]
[SourceVersionDate "2023.03.31"]
[SourceQuality "1"]

1. d4 Nf6 2. c4 e6 3. Nf3 d5 4. Nc3 Be7 5. Bf4 0-0 6. Qc2 c5 7. dxc5 Nc6 8. e3 Bxc5 9. a3 Bd6 10. Bxd6 Qxd6 11. Rd1 Rd8 12. Be2 Qe7 13. cxd5 Nxd5 14. Nxd5 Rxd5 15. Rxd5 exd5 16. 0-0 Be6 17. Rd1 Rc8 18. Qc3 h6 19. h3 a6 20. Bf1 Qc7 21. b4 a5 22. bxa5 Nxa5 23. Qb4 Qc3 24. Nd4 Qxb4 25. axb4 Nc6 26. b5 Nxd4 27. exd4 Kf8 28. Ra1 Ke7 29. Ra7 Rb8 30. Ra1 Kd6 1/2-1/2